[Event "2.BLW"]
[Site "?"]
[Date "2006.12.01"]
[Round "3"]
[White "Sucher, Johannes"]
[Black "Schmidlechner, Alexander"]
[Result "1-0"]
[WhiteElo "2155"]
[BlackElo "2246"]
[PlyCount "53"]
[EventDate "2006.??.??"]
[SourceDate "2006.10.21"]

1. d4 Nf6 2. Bg5 c5 3. dxc5 Qa5+ 4. Nd2 Qxc5 5. Ngf3 Nc6 6. e4 Ng4 7. Bh4 d6 8.
h3 Nge5 9. Nxe5 Nxe5 10. Be2 Ng6 11. b4 Qxb4 12. Rb1 Qc5 13. Bg3 a6 14. O-O e5
15. Nc4 b5 16. Ne3 Be7 17. c4 O-O 18. cxb5 axb5 19. Rxb5 Qa3 20. Bc4 Ba6 21.
Rd5 Rfc8 22. Rd3 Qc5 23. Rd5 Qa3 24. Bxa6 Rxa6 25. Rd2 Bg5 26. Qg4 Qc3 27. Rc2
1-0

[Event "2.BLW"]
[Site "?"]
[Date "2006.12.01"]
[Round "3"]
[White "Kranz, Armin"]
[Black "Doskocil, Klaus"]
[Result "0-1"]
[WhiteElo "2163"]
[BlackElo "2146"]
[PlyCount "128"]
[EventDate "2006.??.??"]
[SourceDate "2006.10.21"]

1. d4 Nf6 2. Nf3 d6 3. c4 Nbd7 4. Nc3 e5 5. g3 g6 6. Bg2 Bg7 7. O-O O-O 8. h3
Re8 9. e4 exd4 10. Nxd4 Nc5 11. Re1 a5 12. Qc2 c6 13. Be3 Qc7 14. Rad1 Bf8 15.
f4 Nfd7 16. b3 Bg7 17. Bf2 Na6 18. Qd2 Ndc5 19. Nde2 Bf8 20. f5 Nb4 21. Nf4 Bg7
22. Bd4 Bxd4+ 23. Qxd4 Nc2 24. Qf6 Nxe1 25. fxg6 fxg6 26. Rxe1 Ne6 27. Rf1 Nxf4
28. Qxf4 Be6 29. c5 Qg7 30. Qe3 dxc5 31. Qxc5 b6 32. Qe3 Qe5 33. Na4 b5 34. Nc5
Rad8 35. Nb7 Qd4 36. Qxd4 Rxd4 37. Nxa5 c5 38. e5 Bd5 39. Re1 Bxg2 40. Kxg2
Rd2+ 41. Kf3 Rxa2 42. Nb7 Rc2 43. Ke4 c4 44. bxc4 bxc4 45. Nd6 Re7 46. Re3 c3
47. Nb5 Rh2 48. Nxc3 Rxh3 49. Nd5 Ra7 50. e6 Kf8 51. Kd4 Ra4+ 52. Kc5 Rh5 53.
Rd3 Ke8 54. Kb6 Rxd5 55. Rxd5 Ke7 56. Re5 Rd4 57. Kc5 Rd6 58. Re3 Rxe6 59. Ra3
Kf6 60. Kd5 Re1 61. Kd4 Kg5 62. Ra7 h5 63. Ra6 Rg1 64. Ra3 Kg4 0-1

[Event "2.BLW"]
[Site "?"]
[Date "2006.12.01"]
[Round "3"]
[White "Froewis, Georg"]
[Black "Wallis, Anton"]
[Result "1/2-1/2"]
[WhiteElo "2112"]
[BlackElo "2161"]
[PlyCount "77"]
[EventDate "2006.??.??"]
[SourceDate "2006.10.21"]

1. e4 c5 2. Nf3 d6 3. Bb5+ Nd7 4. d4 Ngf6 5. O-O a6 6. Bxd7+ Nxd7 7. e5 cxd4 8.
exd6 e5 9. Nxd4 Nb6 10. d7+ Qxd7 11. Re1 f6 12. Nc3 Be7 13. Qh5+ g6 14. Qh6 Kf7
15. Nf3 Qf5 16. Ne4 Bd7 17. Nh4 Qh5 18. Qxh5 gxh5 19. Ng3 Rac8 20. c3 Rc4 21.
Nhf5 h4 22. Nxe7 hxg3 23. Be3 gxf2+ 24. Bxf2 Kxe7 25. Bxb6 Bc6 26. Bd4 Bd7 27.
Rad1 Rg8 28. Rd2 h5 29. Bf2 Bc6 30. g3 h4 31. Rd4 Rxd4 32. cxd4 e4 33. Kg2 Ke6
34. Be3 hxg3 35. hxg3 Rc8 36. Rc1 Bd7 37. Kf2 Kd5 38. Rxc8 Bxc8 39. Ke1 1/2-1/2

[Event "2.BLW"]
[Site "?"]
[Date "2006.12.01"]
[Round "3"]
[White "Heilinger, Dietmar"]
[Black "Maier, Peter"]
[Result "1/2-1/2"]
[WhiteElo "2142"]
[BlackElo "2169"]
[PlyCount "27"]
[EventDate "2006.??.??"]
[SourceDate "2006.10.21"]

1. c4 g6 2. g3 Bg7 3. Bg2 d6 4. Nc3 Nd7 5. e4 e5 6. Nge2 Ne7 7. d3 O-O 8. Be3
Nc6 9. Qd2 Nc5 10. O-O Nd4 11. f3 a5 12. Bf2 Nce6 13. Nxd4 Nxd4 14. Ne2 1/2-1/2

[Event "2.BLW"]
[Site "?"]
[Date "2006.12.01"]
[Round "3"]
[White "Ivanov, Mikhail M"]
[Black "Lanka, Zigurds"]
[Result "1-0"]
[WhiteElo "2425"]
[BlackElo "2498"]
[PlyCount "71"]
[EventDate "2006.??.??"]
[SourceDate "2006.10.21"]

1. d4 Nf6 2. Bg5 Ne4 3. Bf4 c5 4. f3 Nf6 5. d5 g6 6. e4 Bg7 7. Qc1 a6 8. Bh6
Bxh6 9. Qxh6 d6 10. Nd2 Qa5 11. c3 b5 12. a4 Bd7 13. Ne2 bxa4 14. Nc4 Qc7 15.
e5 dxe5 16. d6 exd6 17. Qg7 Ke7 18. Qxh8 d5 19. Nd2 Qb7 20. Qg7 Nc6 21. Qh6
Qxb2 22. Rb1 Qa3 23. g3 d4 24. Qh4 h6 25. Ne4 g5 26. Qxh6 Nxe4 27. fxe4 Rg8 28.
Bh3 Rg6 29. Qh7 Rf6 30. Bxd7 d3 31. Bf5 Nb4 32. cxb4 c4 33. Qh5 c3 34. Qxg5 c2
35. Rc1 dxe2 36. Kxe2 1-0

[Event "2.BLW"]
[Site "?"]
[Date "2006.12.01"]
[Round "3"]
[White "Maiwald, Jens Uwe"]
[Black "Lawitsch, Guenther"]
[Result "1-0"]
[WhiteElo "2489"]
[BlackElo "2294"]
[PlyCount "47"]
[EventDate "2006.??.??"]
[SourceDate "2006.10.21"]

1. d4 d5 2. c4 c6 3. Nf3 Nf6 4. Nc3 dxc4 5. e4 b5 6. e5 Nd5 7. a4 e6 8. Ng5 Bb4
9. Qh5 Qe7 10. Bd2 h6 11. Nge4 O-O 12. g4 f5 13. gxf5 exf5 14. Ng3 Be6 15. Rg1
Qf7 16. Bh3 Bxc3 17. bxc3 Kh7 18. Qh4 b4 19. Nh5 Rg8 20. Nxg7 f4 21. Bxe6 Rxg7
22. Bxf7 Rxg1+ 23. Ke2 Rxa1 24. Qg4 1-0

[Event "2.BLW"]
[Site "?"]
[Date "2006.12.01"]
[Round "3"]
[White "Gruber, Michael"]
[Black "Gross, David"]
[Result "0-1"]
[WhiteElo "2138"]
[BlackElo "2478"]
[PlyCount "136"]
[EventDate "2006.??.??"]
[SourceDate "2006.10.21"]

1. e4 c5 2. Nf3 d6 3. d4 cxd4 4. Nxd4 Nf6 5. Nc3 e6 6. Be2 Nc6 7. O-O a6 8. Be3
Bd7 9. f4 b5 10. Bf3 Rc8 11. e5 dxe5 12. Nxc6 Bxc6 13. Qxd8+ Kxd8 14. fxe5 Bxf3
15. Rxf3 Ng4 16. Bd4 Ke8 17. Rd1 Rd8 18. Rfd3 Rxd4 19. Rxd4 Bc5 20. Ne4 Bb6 21.
c4 bxc4 22. Nd6+ Ke7 23. Nxc4 Ba7 24. Kf1 Nxh2+ 25. Ke2 Bxd4 26. Rxd4 h5 27.
Rd6 Ra8 28. Na5 Ng4 29. Nc6+ Ke8 30. b4 Nh6 31. a4 Nf5 32. Rd3 Ne7 33. Nxe7
Kxe7 34. Rc3 Ra7 35. Rc6 Kd7 36. Rd6+ Kc8 37. Ke3 Rb7 38. Rxa6 Rxb4 39. Ra8+
Rb8 40. Ra7 Rb7 41. Ra8+ Kd7 42. a5 Kc6 43. a6 Rd7 44. a7 Kb7 45. Rg8 Kxa7 46.
Rxg7 Kb6 47. Rh7 Kc5 48. Rxh5 Kd5 49. Kf4 Ra7 50. Rh7 Ra1 51. Ke3 Ra7 52. Kf4
Rb7 53. g4 Ra7 54. Rg7 Kd4 55. Rh7 Ra1 56. Kg3 Rf1 57. Kg2 Rf4 58. Kg3 Kxe5 59.
Rh5+ Ke4 60. Ra5 Rf1 61. Kg2 Rd1 62. Ra7 f6 63. Ra6 Ke5 64. Kf3 Rd3+ 65. Kf2
Rd6 66. Ra3 Kf4 67. Rf3+ Kg5 68. Kg3 Rd4 0-1

[Event "2.BLW"]
[Site "?"]
[Date "2006.12.01"]
[Round "3"]
[White "Tabernig, Bernhard"]
[Black "Riedl, Johannes"]
[Result "1-0"]
[WhiteElo "2292"]
[BlackElo "2143"]
[PlyCount "107"]
[EventDate "2006.??.??"]
[SourceDate "2006.10.21"]

1. d4 f5 2. g3 Nf6 3. Bg2 g6 4. Nh3 d6 5. O-O Bg7 6. b4 O-O 7. Bb2 Qe8 8. Nd2
e5 9. dxe5 dxe5 10. e4 fxe4 11. Nxe4 Nxe4 12. Qd5+ Kh8 13. Qxe4 Nc6 14. b5 Nd4
15. a4 Bxh3 16. Bxh3 Nf3+ 17. Kg2 Nd2 18. Qxb7 Nxf1 19. Rxf1 Qe7 20. Qe4 Qc5
21. Bc1 a5 22. Be3 Qd6 23. Qc4 Rfd8 24. Bg4 Qb4 25. Qxb4 axb4 26. a5 Rab8 27.
b6 cxb6 28. axb6 e4 29. Bf4 Rb7 30. Bc7 Rd2 31. Re1 Bd4 32. Rxe4 Bxb6 33. Be5+
Kg8 34. Be6+ Kf8 35. Rf4+ Ke8 36. Bb3 Ra7 37. h4 Bc5 38. g4 Bd6 39. Bxd6 Rxd6
40. Rxb4 Ke7 41. Kg3 Rd2 42. Rf4 Kd6 43. Rf8 Ke5 44. f4+ Ke4 45. Re8+ Kd4 46.
Rd8+ Ke3 47. Rxd2 Kxd2 48. f5 Ke3 49. f6 Ke4 50. f7 Ra8 51. Ba4 Rc8 52. c4 Rd8
53. g5 Rf8 54. Be8 1-0

[Event "2.BLW"]
[Site "?"]
[Date "2006.12.01"]
[Round "3"]
[White "Thoeny, Hermann"]
[Black "Schiestl, Josef"]
[Result "1/2-1/2"]
[WhiteElo "2175"]
[BlackElo "2144"]
[PlyCount "215"]
[EventDate "2006.??.??"]
[SourceDate "2006.10.21"]

1. d4 Nf6 2. Nf3 g6 3. c4 Bg7 4. g3 O-O 5. Bg2 d6 6. O-O Nc6 7. Nc3 a6 8. h3
Bd7 9. Be3 Rb8 10. d5 Na5 11. Nd2 c5 12. a3 Qc8 13. Kh2 b5 14. cxb5 axb5 15.
Rc1 b4 16. axb4 Rxb4 17. Ra1 Qc7 18. Ra2 Rfb8 19. Qa1 Nb3 20. Nxb3 Rxb3 21. Bc1
Bc8 22. Ra7 R3b7 23. Ra6 Rb6 24. Ra7 R8b7 25. Ra8 Rb8 26. Ra7 R6b7 27. Ra6 Nd7
28. Ra3 Ne5 29. Qa2 Rb4 30. Ra7 R8b7 31. Ra8 Nc4 32. Nd1 Nxb2 33. Nxb2 Bxb2 34.
Bd2 Rb3 35. Qa4 Rb8 36. Ra7 R3b7 37. Qe8+ Kg7 38. Rxb7 Bxb7 39. Qa4 c4 40. Rb1
c3 41. Qd4+ f6 42. Bc1 Bxc1 43. Rxc1 Rc8 44. Qe3 Ba6 45. h4 Bb5 46. Bh3 f5 47.
g4 f4 48. Qd4+ Kg8 49. g5 Bd7 50. Bxd7 Qxd7 51. Qxf4 Rf8 52. Qd4 Qf5 53. f3 c2
54. Qd2 Rc8 55. Kg2 Rc4 56. e4 Qc8 57. Qe2 Kg7 58. Kg3 Rc3 59. Qd2 Qc4 60. Kf2
Kg8 61. Kg2 Kg7 62. Kf2 Kf7 63. Qf4+ Ke8 64. Qd2 Rd3 65. Qxc2 Qd4+ 66. Kg3 Qxe4
67. Qc8+ Kf7 68. Qe6+ Qxe6 69. dxe6+ Kxe6 70. Re1+ Kd7 71. Ra1 Rc3 72. Ra8 Rc8
73. Ra7+ Rc7 74. Ra8 e5 75. Kg4 Ke6 76. Ra4 d5 77. Ra6+ Ke7 78. Kg3 d4 79. Ra5
Ke6 80. f4 exf4+ 81. Kxf4 d3 82. Ke3 Rc4 83. Kxd3 Rxh4 84. Ke3 Rb4 85. Kf2 Rd4
86. Ra7 Rd7 87. Ra5 Rd5 88. Ra7 Kf5 89. Rxh7 Kxg5 90. Kg3 Rd3+ 91. Kg2 Kg4 92.
Rg7 Rd2+ 93. Kf1 g5 94. Ra7 Rb2 95. Kg1 Kh4 96. Ra3 g4 97. Rc3 Rb1+ 98. Kg2 Rb4
99. Kg1 g3 100. Rc8 Rb5 101. Rh8+ Kg4 102. Rg8+ Kf4 103. Rf8+ Rf5 104. Rxf5+
Kxf5 105. Kg2 Kf4 106. Kg1 Kf3 107. Kf1 g2+ 108. Kg1 1/2-1/2

[Event "2.BLW"]
[Site "?"]
[Date "2006.12.01"]
[Round "3"]
[White "Kroell, Johannes"]
[Black "Kapferer, R."]
[Result "1-0"]
[WhiteElo "2176"]
[BlackElo "2065"]
[PlyCount "67"]
[EventDate "2006.??.??"]
[SourceDate "2006.10.21"]

1. g3 f5 2. Bg2 Nf6 3. d3 g6 4. e4 fxe4 5. dxe4 Nc6 6. Ne2 Bg7 7. O-O O-O 8.
Nbc3 d6 9. h3 e5 10. f4 Nh5 11. f5 g5 12. Bf3 Nf4 13. gxf4 gxf4 14. Kh2 Bd7 15.
Bd2 Kh8 16. Be1 Be8 17. Nd5 Bf7 18. Rg1 Nb8 19. Bf2 c6 20. Ndc3 Na6 21. Qd2 Qe7
22. Rad1 Rfd8 23. Nc1 Nc7 24. Nd3 Ne8 25. Qe2 Bc4 26. b3 Bg8 27. Rg2 Rd7 28.
Rdg1 b6 29. Bh5 Qf6 30. Qg4 Qf8 31. Bxe8 Qxe8 32. Bh4 Qf7 33. f6 Bh6 34. Qg7+
1-0

[Event "2.BLW"]
[Site "?"]
[Date "2006.12.01"]
[Round "3"]
[White "Neuschmied, Siegfried"]
[Black "Shchekachev, Andrei"]
[Result "0-1"]
[WhiteElo "2295"]
[BlackElo "2593"]
[PlyCount "70"]
[EventDate "2006.??.??"]
[SourceDate "2006.10.21"]

1. e4 c5 2. c3 d5 3. exd5 Qxd5 4. d4 g6 5. Nf3 Bg7 6. Be2 Nf6 7. O-O O-O 8. c4
Qd6 9. dxc5 Qxc5 10. Nc3 Nc6 11. Be3 Qa5 12. Qc1 e5 13. a3 Be6 14. b4 Qc7 15.
Nb5 Qb8 16. Bh6 Bg4 17. Bxg7 Kxg7 18. Qe3 a6 19. Nc3 Re8 20. Ra2 Qc7 21. Nh4
Nd4 22. Rc1 Rad8 23. Bxg4 Nxg4 24. Qg5 Nf6 25. c5 e4 26. Ne2 Nxe2+ 27. Rxe2 Rd5
28. Qe3 g5 29. Rd2 Ree5 30. Rcd1 gxh4 31. Qf4 Qe7 32. Qxh4 h6 33. Qf4 Rxd2 34.
Rxd2 e3 35. fxe3 Rxe3 0-1

[Event "2.BLW"]
[Site "?"]
[Date "2006.12.01"]
[Round "3"]
[White "Hecht, Hans Joachim"]
[Black "Grundherr, Martin"]
[Result "1/2-1/2"]
[WhiteElo "2394"]
[BlackElo "2304"]
[PlyCount "57"]
[EventDate "2006.??.??"]
[SourceDate "2006.10.21"]

1. d4 d5 2. c4 c6 3. Nf3 Nf6 4. e3 Bf5 5. Nc3 e6 6. Nh4 Bg6 7. Nxg6 hxg6 8. g3
dxc4 9. Bxc4 Nbd7 10. O-O Nb6 11. Be2 c5 12. Bb5+ Nfd7 13. a4 a6 14. Be2 Nf6
15. Bf3 Rb8 16. a5 Nbd7 17. d5 exd5 18. Nxd5 Ne5 19. Bg2 Nxd5 20. Bxd5 Qd7 21.
Qa4 Be7 22. Rd1 Qxa4 23. Rxa4 Bf6 24. Kg2 O-O 25. e4 Nc6 26. Be3 Bd4 27. Bf4 b5
28. axb6 Rxb6 29. Bxc6 1/2-1/2

[Event "2.BLW"]
[Site "?"]
[Date "2006.12.01"]
[Round "3"]
[White "Baldauf, Marco"]
[Black "Mittelberger, Peter"]
[Result "1-0"]
[WhiteElo "2334"]
[BlackElo "2244"]
[PlyCount "79"]
[EventDate "2006.??.??"]
[SourceDate "2006.10.21"]

1. Nf3 Nf6 2. g3 g6 3. Bg2 Bg7 4. O-O O-O 5. d4 d6 6. c4 c6 7. Nc3 a6 8. e4 b5
9. e5 Ne8 10. b3 Nc7 11. Re1 d5 12. Qe2 Nd7 13. cxd5 cxd5 14. Bd2 Nb6 15. Rac1
Bd7 16. Ng5 e6 17. h4 b4 18. Nd1 Bb5 19. Qg4 a5 20. h5 h6 21. Nh3 Bd3 22. hxg6
fxg6 23. Ne3 Rc8 24. Nf4 Bf5 25. Nxf5 gxf5 26. Qg6 Qe8 27. Rc5 Qxg6 28. Nxg6
Rfe8 29. Rec1 Kf7 30. Nf4 Nca8 31. Bf3 Ke7 32. Bh5 Red8 33. Rxa5 Rxc1+ 34. Bxc1
Kd7 35. Bd2 Bf8 36. Ra7+ Nc7 37. Rxc7+ Kxc7 38. Nxe6+ Kd7 39. Nxd8 Kxd8 40. Bg6
1-0

[Event "2.BLW"]
[Site "?"]
[Date "2006.12.01"]
[Round "3"]
[White "Eybl, Alexander"]
[Black "Ljubic, Juro"]
[Result "1/2-1/2"]
[WhiteElo "2253"]
[BlackElo "2216"]
[PlyCount "28"]
[EventDate "2006.??.??"]
[SourceDate "2006.10.21"]

1. d4 Nf6 2. Bg5 Ne4 3. Bf4 c5 4. f3 Nf6 5. d5 g6 6. e4 Bg7 7. Nc3 d6 8. Qd2 a6
9. a4 Qa5 10. Ra3 h6 11. Nge2 Nbd7 12. Ng3 Rb8 13. Be2 Qc7 14. O-O h5 1/2-1/2

[Event "2.BLW"]
[Site "?"]
[Date "2006.12.01"]
[Round "3"]
[White "Huber, David"]
[Black "Meier, Alexander"]
[Result "1-0"]
[WhiteElo "2152"]
[BlackElo "2145"]
[PlyCount "77"]
[EventDate "2006.??.??"]
[SourceDate "2006.10.21"]

1. d4 Nf6 2. Nf3 g6 3. c4 Bg7 4. Nc3 d6 5. e4 O-O 6. Be3 e5 7. dxe5 dxe5 8.
Qxd8 Rxd8 9. Nd5 Nxd5 10. cxd5 c6 11. Bc4 h6 12. O-O cxd5 13. Bxd5 Nc6 14. Bxc6
bxc6 15. Rfc1 Bb7 16. Rc5 Re8 17. h3 Rad8 18. Rac1 f5 19. R5c4 Rd7 20. Ra4 a6
21. Nh4 f4 22. Bc5 Bf6 23. Nf3 g5 24. Rb4 h5 25. Nd2 a5 26. Rb3 Be7 27. Bxe7
Rexe7 28. Nc4 a4 29. Rb6 Kg7 30. f3 g4 31. hxg4 hxg4 32. fxg4 Kf6 33. Na5 Ba8
34. Rb8 Ra7 35. Rc5 Re6 36. Rf8+ Ke7 37. Rc8 Kd6 38. Nxc6 Ra6 39. Rd5# 1-0

[Event "2.BLW"]
[Site "?"]
[Date "2006.12.01"]
[Round "3"]
[White "Gasthofer, Alexander"]
[Black "Schmidt, Georg"]
[Result "1/2-1/2"]
[WhiteElo "2439"]
[BlackElo "2374"]
[PlyCount "86"]
[EventDate "2006.??.??"]
[SourceDate "2006.10.21"]

1. e4 e6 2. d4 d5 3. Nd2 Nc6 4. Ngf3 Nf6 5. e5 Nd7 6. c3 f6 7. exf6 Qxf6 8. Bb5
Bd6 9. O-O O-O 10. Re1 a6 11. Ba4 Ne7 12. Nf1 Ng6 13. Bg5 Qf7 14. Bb3 h6 15.
Be3 c6 16. Ng3 Bxg3 17. fxg3 e5 18. dxe5 Ndxe5 19. Nxe5 Nxe5 20. Bxh6 Qf2+ 21.
Kh1 Bg4 22. Qd2 Qxd2 23. Bxd2 Nd3 24. Re7 Rae8 25. Re3 Nxb2 26. h3 Rxe3 27.
Bxe3 Re8 28. Bd4 Bf5 29. Rf1 Bd3 30. Rf4 Re2 31. Kg1 Be4 32. Kf1 Bd3 33. Kg1
Be4 34. Kf1 Bd3 35. Kg1 Nc4 36. Bxc4 Bxc4 37. a3 Bd3 38. Rf2 Re1+ 39. Kh2 Ra1
40. Bc5 Rc1 41. Rf8+ Kh7 42. Rf7 Kg8 43. Rf8+ Kh7 1/2-1/2

[Event "2.BLW"]
[Site "?"]
[Date "2006.12.01"]
[Round "3"]
[White "Panteleev, Petar"]
[Black "Pitl, Gregory"]
[Result "1/2-1/2"]
[WhiteElo "2315"]
[BlackElo "2380"]
[PlyCount "78"]
[EventDate "2006.??.??"]
[SourceDate "2006.10.21"]

1. Nf3 d5 2. g3 Nf6 3. Bg2 c6 4. O-O Bf5 5. d3 h6 6. Nbd2 e6 7. b3 Be7 8. Bb2
O-O 9. Ne5 Bh7 10. e4 a5 11. a3 Na6 12. exd5 exd5 13. Ndf3 Nc5 14. Re1 Re8 15.
h3 Ne6 16. Qd2 Qb6 17. Rab1 Bc5 18. Ng4 Nxg4 19. hxg4 Be7 20. Re2 c5 21. Rbe1
Ra6 22. Ne5 Qd8 23. c4 dxc4 24. bxc4 Rd6 25. Bxb7 Bxd3 26. Nxd3 Rxd3 27. Qc2
Rd6 28. Bd5 Bf6 29. Bxf6 Qxf6 30. Qf5 Qd4 31. Re4 Qd2 32. Bxe6 Rdxe6 33. Rxe6
fxe6 34. Rxe6 Rf8 35. Qxc5 Qd1+ 36. Kg2 Qf3+ 37. Kg1 Qd1+ 38. Kg2 Qf3+ 39. Kg1
Qd1+ 1/2-1/2

[Event "2.BLW"]
[Site "?"]
[Date "2006.12.01"]
[Round "3"]
[White "Pitschka, Klaus"]
[Black "Opl, Klaus"]
[Result "1-0"]
[WhiteElo "2279"]
[BlackElo "2324"]
[PlyCount "53"]
[EventDate "2006.??.??"]
[SourceDate "2006.10.21"]

1. d4 Nf6 2. Nc3 d5 3. Bg5 Bf5 4. f3 Bg6 5. Nh3 Nbd7 6. Nf4 c6 7. e4 dxe4 8.
Nxg6 hxg6 9. fxe4 Qb6 10. Qd2 e5 11. Be3 Ng4 12. Bg1 exd4 13. Bxd4 Qc7 14. Bc4
Bd6 15. Rf1 Nde5 16. Bb3 Rxh2 17. O-O-O Nf6 18. Bg1 Nf3 19. Rxf3 Rh1 20. Bd4
Rxd1+ 21. Qxd1 O-O-O 22. Qg1 Bh2 23. Qe3 Ng4 24. Qg5 f5 25. Qxg6 Rxd4 26. Qxf5+
Kb8 27. Qxg4 1-0

[Event "2.BLW"]
[Site "?"]
[Date "2006.12.01"]
[Round "3"]
[White "Enigl, Karl"]
[Black "Marchhart, Matthias"]
[Result "1-0"]
[WhiteElo "2141"]
[BlackElo "2162"]
[PlyCount "103"]
[EventDate "2006.??.??"]
[SourceDate "2006.10.21"]

1. c4 e5 2. Nc3 Nf6 3. Nf3 Nc6 4. a3 d5 5. d4 exd4 6. Nxd4 Nxd4 7. Qxd4 Be6 8.
cxd5 Nxd5 9. e4 Nxc3 10. Qxc3 c6 11. Be3 Qf6 12. Bd4 Qg5 13. g3 f6 14. f4 Qh6
15. f5 Bd7 16. Be3 Qh5 17. Be2 Qf7 18. O-O-O c5 19. Bc4 Qe7 20. Bd5 Bc6 21. Bf4
Rd8 22. Rhe1 Rd7 23. h4 Qd8 24. Bxc6 bxc6 25. e5 Be7 26. Rxd7 Qxd7 27. exf6
gxf6 28. Qxf6 Rf8 29. Qg7 Rxf5 30. Bg5 Rxg5 31. Qxg5 Kd8 32. Qg8+ Kc7 33. Qe6
Bd6 34. Qxd7+ Kxd7 35. Re3 c4 36. Kc2 Bc5 37. Re4 Bf2 38. Rxc4 Bxg3 39. Kd3 Kd6
40. Rg4 Be5 41. b3 Kd5 42. h5 h6 43. Ra4 Bb8 44. Ra5+ Ke6 45. Ke4 Kf6 46. a4
Ke6 47. Rc5 Kd6 48. Rc2 a5 49. Rg2 Kc5 50. Rg6 Kb4 51. Rxh6 Kxb3 52. Rxc6 1-0

[Event "2.BLW"]
[Site "?"]
[Date "2006.12.01"]
[Round "3"]
[White "Lickleder, Andreas"]
[Black "Peterwagner, Heinz"]
[Result "0-1"]
[WhiteElo "2235"]
[BlackElo "2213"]
[PlyCount "96"]
[EventDate "2006.??.??"]
[SourceDate "2006.10.21"]

1. e4 c5 2. Nf3 Nc6 3. Bb5 g6 4. Bxc6 bxc6 5. d3 Bg7 6. Qe2 Nf6 7. O-O O-O 8.
c4 d6 9. h3 e5 10. Nh2 Qe7 11. Nc3 Nh5 12. Ng4 Kh8 13. Bh6 Bxh6 14. Nxh6 Qg5
15. Ng4 Nf4 16. Qf3 h5 17. Ne3 Nxh3+ 18. Kh2 Nf4 19. g3 Ne6 20. Ne2 Nd4 21.
Nxd4 cxd4 22. Nc2 f5 23. Ne1 Bd7 24. Qg2 f4 25. Nf3 Qg4 26. c5 Qe6 27. cxd6
Qxd6 28. Nd2 Rae8 29. Rac1 Qf6 30. f3 fxg3+ 31. Qxg3 h4 32. Qg2 Qf4+ 33. Kh1 g5
34. Qh2 Kg7 35. Rg1 Qxh2+ 36. Kxh2 Kf6 37. Rc5 Rb8 38. Nc4 Rfe8 39. Ra5 Be6 40.
Rxe5 Bxc4 41. Rf5+ Ke6 42. dxc4 Rxb2+ 43. Kh3 d3 44. Rd1 d2 45. Rxg5 Rd8 46.
Kxh4 Rc2 47. c5 Rc1 48. Rgg1 Rh8+ 0-1

[Event "2.BLW"]
[Site "?"]
[Date "2006.12.01"]
[Round "3"]
[White "Hicker, Harald"]
[Black "Endthaler, Arnold"]
[Result "1/2-1/2"]
[WhiteElo "2136"]
[BlackElo "2094"]
[PlyCount "83"]
[EventDate "2006.??.??"]
[SourceDate "2006.10.21"]

1. d4 Nf6 2. Nf3 g6 3. c4 Bg7 4. Nc3 O-O 5. e4 d6 6. Be2 e5 7. d5 Nbd7 8. O-O
Nc5 9. Qc2 a5 10. Ne1 h6 11. Be3 b6 12. Rd1 a4 13. f3 Bd7 14. Nd3 Nh5 15. g3
Qe8 16. b4 axb3 17. axb3 f5 18. b4 Nxd3 19. Qxd3 f4 20. Bf2 fxg3 21. hxg3 Qe7
22. Kh2 Ra3 23. Ra1 Rfa8 24. Rxa3 Rxa3 25. Qd2 Bc8 26. Qb2 Ra8 27. Ra1 Rxa1 28.
Qxa1 Qd7 29. Bf1 Bf6 30. c5 bxc5 31. bxc5 dxc5 32. Bxc5 g5 33. Qa8 Kf7 34. g4
Nf4 35. Bb5 Qd8 36. Qa7 Kg6 37. Qa4 h5 38. Be8+ Kh6 39. Bf8+ Kh7 40. gxh5 Nxh5
41. Bxh5 Qxf8 42. Bg4 1/2-1/2

[Event "2.BLW"]
[Site "?"]
[Date "2006.12.02"]
[Round "4"]
[White "Bromberger, Stefan"]
[Black "Schmidt, Georg"]
[Result "1/2-1/2"]
[WhiteElo "2507"]
[BlackElo "2374"]
[PlyCount "65"]
[EventDate "2006.??.??"]
[SourceDate "2006.10.21"]

1. d4 e6 2. c4 Nf6 3. Nc3 Bb4 4. Qc2 d5 5. a3 Bxc3+ 6. Qxc3 Ne4 7. Qc2 c5 8.
dxc5 Nc6 9. cxd5 exd5 10. Nf3 Qa5+ 11. Bd2 Qxc5 12. Qxc5 Nxc5 13. Rd1 d4 14. b4
Ne6 15. g3 a6 16. Bg2 O-O 17. O-O Rb8 18. Rc1 Bd7 19. Ne1 Ne7 20. Nd3 Bc6 21.
Bxc6 Nxc6 22. Rc4 Rfe8 23. Rfc1 Rbd8 24. Kf1 f6 25. a4 Ne5 26. Nxe5 fxe5 27.
Rb1 Rc8 28. Rbc1 Rxc4 29. Rxc4 Kf7 30. e4 g5 31. f3 Ke7 32. Ke2 Kd7 33. Rc1
1/2-1/2

[Event "2.BLW"]
[Site "?"]
[Date "2006.12.02"]
[Round "4"]
[White "Panteleev, Petar"]
[Black "Deglmann, Ludwig"]
[Result "1/2-1/2"]
[WhiteElo "2315"]
[BlackElo "2341"]
[PlyCount "60"]
[EventDate "2006.??.??"]
[SourceDate "2006.10.21"]

1. Nf3 f5 2. d4 Nf6 3. c4 g6 4. g3 Bg7 5. Bg2 O-O 6. O-O d6 7. d5 Qe8 8. Nc3 a5
9. Nd4 Na6 10. b3 Bd7 11. Rb1 h6 12. a3 g5 13. e3 Rc8 14. Bd2 Nc5 15. Qc2 Qh5
16. b4 axb4 17. axb4 Nce4 18. Ne6 Bxe6 19. dxe6 Nxd2 20. Qxd2 c6 21. f4 Qg6 22.
b5 Ne4 23. Nxe4 fxe4 24. bxc6 bxc6 25. Qc2 d5 26. f5 Qf6 27. Rbc1 Qb2 28. cxd5
Qxc2 29. Rxc2 cxd5 30. Rd2 Rc5 1/2-1/2

[Event "2.BLW"]
[Site "?"]
[Date "2006.12.02"]
[Round "4"]
[White "Gatterer, Florian"]
[Black "Opl, Klaus"]
[Result "0-1"]
[WhiteElo "2206"]
[BlackElo "2324"]
[PlyCount "94"]
[EventDate "2006.??.??"]
[SourceDate "2006.10.21"]

1. e4 e5 2. Nf3 Nc6 3. Bb5 a6 4. Ba4 Nf6 5. O-O Be7 6. Re1 b5 7. Bb3 d6 8. c3
O-O 9. h3 Na5 10. Bc2 c5 11. d4 Qc7 12. Nbd2 cxd4 13. cxd4 Rd8 14. d5 Bd7 15.
Nf1 Rdc8 16. Bd3 Qb8 17. g4 Nb7 18. Ng3 Nc5 19. Nf5 Bxf5 20. gxf5 Nxd3 21. Qxd3
Qc7 22. Bg5 Qc2 23. Qxc2 Rxc2 24. Bxf6 Bxf6 25. Rab1 Rac8 26. Kf1 g6 27. fxg6
hxg6 28. Red1 R2c4 29. Re1 Bd8 30. Re2 Ba5 31. b3 Rc2 32. Rb2 Rc1+ 33. Kg2 Bb6
34. Rbd2 Kg7 35. Rb2 Kh6 36. Rbd2 R8c5 37. Rd3 Ba5 38. Nh2 R1c2 39. Rde3 Bd2
40. Rd3 Bf4 41. Ng4+ Kg7 42. Rxc2 Rxc2 43. a4 f5 44. axb5 axb5 45. exf5 gxf5
46. Ne3 e4 47. Nxf5+ Kf6 0-1

[Event "2.BLW"]
[Site "?"]
[Date "2006.12.02"]
[Round "4"]
[White "Jedinger, Andreas"]
[Black "Peterwagner, Heinz"]
[Result "1-0"]
[WhiteElo "2147"]
[BlackElo "2213"]
[PlyCount "65"]
[EventDate "2006.??.??"]
[SourceDate "2006.10.21"]

1. e4 c5 2. Nf3 Nc6 3. d4 cxd4 4. Nxd4 Nf6 5. Nc3 e5 6. Ndb5 d6 7. Bg5 a6 8.
Na3 b5 9. Bxf6 gxf6 10. Nd5 Bg7 11. c3 f5 12. exf5 Bxf5 13. Nc2 O-O 14. Nce3
Be6 15. Bd3 f5 16. O-O Ne7 17. Nxe7+ Qxe7 18. Bxf5 Bxf5 19. Nxf5 Qe6 20. Qd5
Qxd5 21. Ne7+ Kf7 22. Nxd5 Rac8 23. a4 Ke6 24. Rfd1 Rc5 25. Nb4 Rc4 26. axb5
axb5 27. Ra7 Rg4 28. Nd5 Rf7 29. Nc7+ Kf5 30. f3 Ra4 31. g4+ Kg6 32. Rxd6+ Kg5
33. Ne6+ 1-0

[Event "2.BLW"]
[Site "?"]
[Date "2006.12.02"]
[Round "4"]
[White "Hicker, Harald"]
[Black "Muehlbacher, Bernhard"]
[Result "1/2-1/2"]
[WhiteElo "2136"]
[BlackElo "2094"]
[PlyCount "24"]
[EventDate "2006.??.??"]
[SourceDate "2006.10.21"]

1. d4 f5 2. c4 Nf6 3. g3 g6 4. Bg2 Bg7 5. Nc3 c6 6. Nf3 O-O 7. O-O d6 8. Re1
Qc7 9. e4 fxe4 10. Nxe4 Nxe4 11. Rxe4 Bf5 12. Rh4 Re8 1/2-1/2

[Event "2.BLW"]
[Site "?"]
[Date "2006.12.02"]
[Round "4"]
[White "Shchekachev, Andrei"]
[Black "Gasthofer, Alexander"]
[Result "1/2-1/2"]
[WhiteElo "2593"]
[BlackElo "2439"]
[PlyCount "43"]
[EventDate "2006.??.??"]
[SourceDate "2006.10.21"]

1. Nf3 d5 2. d4 Nf6 3. c4 e6 4. Nc3 Be7 5. Bf4 O-O 6. e3 Nbd7 7. c5 c6 8. h3 b6
9. b4 a5 10. a3 Ba6 11. Bxa6 Rxa6 12. O-O Qa8 13. Rb1 axb4 14. axb4 Qb7 15. Qc2
Rfa8 16. Rfc1 Bd8 17. Ne1 b5 18. f3 Bc7 19. Nd3 Re8 20. Bxc7 Qxc7 21. g4 h6 22.
Ra1 1/2-1/2

[Event "2.BLW"]
[Site "?"]
[Date "2006.12.02"]
[Round "4"]
[White "Pitl, Gregory"]
[Black "Hecht, Hans Joachim"]
[Result "1/2-1/2"]
[WhiteElo "2380"]
[BlackElo "2394"]
[PlyCount "35"]
[EventDate "2006.??.??"]
[SourceDate "2006.10.21"]

1. e4 e5 2. Nf3 Nc6 3. d4 exd4 4. Nxd4 Bb4+ 5. c3 Be7 6. Nxc6 bxc6 7. Bc4 Nf6
8. e5 Nd5 9. O-O Nb6 10. Bd3 d6 11. exd6 cxd6 12. Nd2 O-O 13. Qc2 g6 14. h3 Nd7
15. Nf3 d5 16. Bf4 Nc5 17. Ne5 Nxd3 18. Qxd3 1/2-1/2